00278nam a2200097 a 450000500170000000800410001705000190005824500510007765000090012865000430013720141022142000.0080925s19uu xx 00 eng d aVHSbTI43 1992 aDulaan: an essay on philippine ethnic theater. aVHS. aAn essay on philippine ethnic theater.